000 00273nam a22001217a 4500
008 170404b xxu||||| |||| 00| 0 eng d
041 _aeng
080 _a574
100 _a9
101 _aSHM
245 _aTHE COMPLETE GUIDE TO GARDEN FLOWERS
_cASKWITH, H
942 _2udc
_cBK
999 _c9636
_d9636